| 000 | 01532nam0a2200373 4500 | ||
|---|---|---|---|
| 001 | RU\NLR\BIBL_A\022454212 | ||
| 005 | 20250519162857.0 | ||
| 010 |
_a978-5-6051061-1-1 _93000 |
||
| 021 |
_aRU _bКН-П-24-080392 _9КН-П-24-8025 |
||
| 035 | _a(NLR Aleph) 022454212 | ||
| 090 |
_a13359764 _c13359764 |
||
| 100 | _a20250211d2024 u y0rusy50 ca | ||
| 101 | 0 | _arus | |
| 102 | _aRU | ||
| 105 | _aа z 000аy | ||
| 181 | 0 |
_ai _baxxe |
|
| 182 | 0 | _an | |
| 200 | 1 |
_aНеобыкновенные приключения Кошки _fАлекс Ком _g[иллюстрации: Е. Смирнова-Черненок] |
|
| 203 |
_aТекст _bвизуальный _cнепосредственный |
||
| 210 |
_aМосква _cОрион _d2024 |
||
| 215 |
_a141, [2] с. _cил. _d22 |
||
| 333 | _a12+ | ||
| 686 | 0 | _aШ9(2)62=Р7-4 | |
| 686 | 2 | _aШ6(2=Р)8-440.4 | |
| 700 | 1 |
_aКом _bА. _gАлекс |
|
| 702 | 1 |
_4440 _7ca _8rus _aСмирнова-Черненок _bЕ. _gЕкатерина _9248853 _3RU\NLR\AUTH\770248909 |
|
| 942 | _cBOOK | ||
| 980 | _aNB | ||